|
|
|
|
| LEADER |
00000nam a2200000 a 4500 |
| 001 |
UCY1186 |
| 003 |
CL-VaPUC |
| 008 |
940823e19920000BL |||||||||||||||||por|d |
| 082 |
0 |
4 |
|a 302.3
|b FRI
|2 21
|
| 100 |
0 |
|
|a Fritzen, Silvino José
|e author
|9 329111
|
| 245 |
1 |
0 |
|a Relacoes humanas interpessoais: nas convivencias grupais e comunitarias
|
| 300 |
|
|
|a 147 p
|
| 942 |
|
|
|c BK
|
| 945 |
|
|
|d 19940823 00:00:00
|a rbrito
|
| 260 |
|
|
|a Petrópolis
|b Vozes
|c 1992
|
| 650 |
|
0 |
|a Dinámica de grupos
|9 259862
|
| 650 |
|
0 |
|a Relaciones humanas
|9 307340
|
| 650 |
|
0 |
|a Psicología social
|9 222894
|
| 583 |
|
|
|a last modification
|c 20181001 01:24:58
|k Rodrigo Vera
|
| 999 |
|
|
|c 229969
|d 229967
|
| 952 |
|
|
|0 0
|1 0
|4 0
|6 302_300000000000000_FRI_1992
|7 0
|8 A
|9 231735
|a BIBEDU
|b BIBEDU
|d 2019-11-15
|i 3012824
|o 302.3 FRI 1992
|p 3012824
|r 2019-11-15
|w 2019-11-15
|y BK
|k PSI
|